|
|
|
|
| LEADER |
00000nam a2200000 a 4500 |
| 001 |
vtls001252939 |
| 003 |
SK-MaSNL |
| 005 |
20260301112830.0 |
| 008 |
250414s1991 CS 0 cze |
| 035 |
|
|
|a SNK000203758
|
| 040 |
|
|
|a SNK
|b slo
|c SNK
|e AACR2
|
| 041 |
0 |
|
|a cze
|
| 044 |
|
|
|a [CS]
|
| 080 |
|
|
|a 784.1:785.7:78.087.682/.684
|2 1981
|
| 080 |
|
|
|a 785.7
|2 1981
|
| 080 |
|
|
|a 78.087.682/.684
|2 1981
|
| 080 |
|
|
|a 786.6
|2 1981
|
| 100 |
1 |
|
|a Ryba, Jakub Jan,
|d 1765-1815
|4 aut
|9 366402
|
| 245 |
1 |
0 |
|a Česká mše vánoční. - Koncert pro varhany a orchestr. - Sinfonia pastoralis ex D
|h Audiozáznam
|b Podle dobových pramenů revidoval F. X. Thuri
|c Jakub Jan Ryba, Jiří Ignác Linek ; Spieva Kühnův komorní sbor, Hrá Dvořákův komorní orchestr, Východočeský státní komorní orchestr Pardubice ; Spieva Jitka Soběhartová, Marie Mrázová, Vladimír Doležal, Richard Novák ; Na organe hrá František Xaver Thuri, Václav Rabas ; Zborm. Pavel Kühn ; Dir. Libor Pešek, Libor Hlaváček
|
| 260 |
|
|
|a Praha
|b Supraphon
|c 1991
|
| 300 |
|
|
|a 1 s.
|
| 500 |
|
|
|a 1.Kirie. 2.Gloria. 3.Graduale. 4.Credo. 5.Offertorium. 6.Sanctus. 7.Benedictus. 8.Agnus dei. 9.Communio. 1O.1.Allegro moderato. 11.2.Adagio. 12.3.Allegro. 13.1.Allegro molto. 14.2.Andante. 15.3.Allegro
|
| 700 |
1 |
|
|a Linka, Jiří Ignác,
|d 1725-1791
|4 aut
|9 48089
|
| 700 |
1 |
|
|a Soběhartová, Jitka
|4 roz
|9 454098
|
| 700 |
1 |
|
|a Mrázová, Marie
|4 roz
|9 454099
|
| 700 |
1 |
|
|a Doležal, Vladimír,
|d 1951-
|4 roz
|9 110434
|
| 700 |
1 |
|
|a Novák, Richard
|4 roz
|9 9155
|
| 700 |
1 |
|
|a Thuri, František Xaver
|4 uci
|9 381025
|
| 700 |
1 |
|
|a Rabas, Václav,
|d 1933-
|4 uci
|9 134494
|
| 700 |
1 |
|
|a Kühn, Pavel,
|d 1938-2003
|4 uci
|9 134491
|
| 700 |
1 |
|
|a Pešek, Libor,
|d 1933-
|4 dir
|9 22183
|
| 700 |
1 |
|
|a Hlaváček, Libor,
|d 1926-1990
|4 dir
|9 212840
|
| 710 |
0 |
|
|a Dvořákův komorní orchestr
|4 uci
|9 380967
|
| 710 |
2 |
|
|a Východočeský státní komorní orchestr (Pardubice, Česko)
|4 uci
|9 125456
|
| 710 |
2 |
|
|a Kühnův komorní sbor
|4 roz
|9 454100
|
| 852 |
|
|
|a Slovenská národná knižnica
|
| 954 |
|
|
|a hudba vokálna
|a hudba sakrálna
|a zbory miešané
|a omše
|
| 954 |
|
|
|a hudba komorná
|a hudba pre organ
|
| 999 |
|
|
|c 711813
|d 713743
|
| 952 |
|
|
|t P65, <07>, [BOOK], {657}
|a SNK
|b SNK
|y PREZ
|7 0
|p 17A0139054
|o snkICD 281
|i snkJK 49/92
|0 0
|1 0
|4 0
|d 1998-10-05
|l 0
|r 2005-01-01 00:00:00
|w 2026-02-23
|